Basic and applied soil mechanics. ( 3rd edition) (Record no. 84531)

MARC details
000 -LEADER
fixed length control field 01352nam a2200241 a 4500
008 - FIXED-LENGTH DATA ELEMENTS--GENERAL INFORMATION
fixed length control field 190821s2016 ||||||||||||||||| || u
020 ## - INTERNATIONAL STANDARD BOOK NUMBER
International Standard Book Number 9788122440393
050 ## - LIBRARY OF CONGRESS CALL NUMBER
Classification number TA 710 Ran
100 ## - MAIN ENTRY--PERSONAL NAME
Personal name Ranjan, Gopal
245 10 - TITLE STATEMENT
Title Basic and applied soil mechanics. ( 3rd edition)
Statement of responsibility, etc. By Gopal Ranjan ; A S R Rao
250 ## - EDITION STATEMENT
Edition statement 3rd edition
260 ## - PUBLICATION, DISTRIBUTION, ETC.
Place of publication, distribution, etc. Bangalore
Name of publisher, distributor, etc. New Age International Publishers
Date of publication, distribution, etc. 2016
300 ## - PHYSICAL DESCRIPTION
Extent xvi, 752 pages : illustrations
350 ## -
-- 37.71
650 ## - SUBJECT ADDED ENTRY--TOPICAL TERM
Topical term or geographic name entry element ENGINEERING
650 ## - SUBJECT ADDED ENTRY--TOPICAL TERM
Topical term or geographic name entry element SOIL MECHANICS
700 ## - ADDED ENTRY--PERSONAL NAME
Personal name Rao, A S R
995 ## -
-- MAIN LIBRARY OPEN ACCESS
-- 749757
-- CBU-MAIN LIBRARY (Kitwe)
-- 37.71
-- TA 710 Ran
-- 1
-- AVAILABLE
-- Aug 21, 2019
-- 749757
-- Main Library Open Access Collection
995 ## -
-- MAIN LIBRARY OPEN ACCESS
-- 749758
-- CBU-MAIN LIBRARY (Kitwe)
-- 37.71
-- TA 710 Ran
-- 2
-- AVAILABLE
-- Aug 21, 2019
-- 749758
-- Main Library Open Access Collection
995 ## -
-- MAIN LIBRARY OPEN ACCESS
-- 749756
-- CBU-MAIN LIBRARY (Kitwe)
-- 37.71
-- TA 710 Ran
-- 4
-- AVAILABLE
-- Aug 21, 2019
-- 749756
-- Main Library Open Access Collection
995 ## -
-- SHORT LOAN BOOKS
-- 750097
-- CBU-MAIN LIBRARY (Kitwe)
-- 37.71
-- TA 710 Ran
-- 5
-- AVAILABLE
-- Nov 25, 2019
-- 750097
-- Short Loan Collection
995 ## -
-- MAIN LIBRARY OPEN ACCESS
-- 749759
-- CBU-MAIN LIBRARY (Kitwe)
-- 37.71
-- TA 710 Ran
-- 3
-- AVAILABLE
-- Aug 21, 2019
-- 749759
-- Main Library Open Access Collection
999 ## -
-- 84531
-- 84531

No items available.